ბათუმის შოთა რუსთაველის სახელმწიფო უნივერსიტეტის ბიბლიოთეკა

Mathematics : (ბიბ.ჩანაწერი № 62507)

000 -LEADER
fixed length control field 01413cam a2200385 i 4500
001 - CONTROL NUMBER
control field 21067010
005 - DATE AND TIME OF LATEST TRANSACTION
control field 20241120104453.0
008 - FIXED-LENGTH DATA ELEMENTS--GENERAL INFORMATION
fixed length control field 190710s2019 enka 000 0 eng d
010 ## - LIBRARY OF CONGRESS CONTROL NUMBER
LC control number 2019301179
015 ## - NATIONAL BIBLIOGRAPHY NUMBER
National bibliography number GBB918904
Source bnb
016 7# - NATIONAL BIBLIOGRAPHIC AGENCY CONTROL NUMBER
Record control number 019226632
Source Uk
020 ## - INTERNATIONAL STANDARD BOOK NUMBER
International Standard Book Number 9780198427179 X
Qualifying information (pbk)
020 ## - INTERNATIONAL STANDARD BOOK NUMBER
International Standard Book Number 0198427174
Qualifying information (pbk)
035 ## - SYSTEM CONTROL NUMBER
System control number (OCoLC)on1099411619
040 ## - CATALOGING SOURCE
Original cataloging agency ATMET
Language of cataloging eng
Transcribing agency ATMET
Description conventions rda
Modifying agency DLC
042 ## - AUTHENTICATION CODE
Authentication code lccopycat
050 00 - LIBRARY OF CONGRESS CALL NUMBER
Classification number QA39.2
Item number .R6537 2019
245 10 - TITLE STATEMENT
Title Mathematics :
Remainder of title analysis and approaches.
Number of part/section of a work Higher level /
Statement of responsibility, etc. Natasha Awada ...
264 #1 - PRODUCTION, PUBLICATION, DISTRIBUTION, MANUFACTURE, AND COPYRIGHT NOTICE
Place of production, publication, distribution, manufacture Oxford :
Name of producer, publisher, distributor, manufacturer Oxford University Press,
Date of production, publication, distribution, manufacture, or copyright notice [2019]
300 ## - PHYSICAL DESCRIPTION
Extent x, 843 pages :
Other physical details color illustrations ;
Dimensions 26 cm.
336 ## - CONTENT TYPE
Content type term text
Source rdacontent
336 ## - CONTENT TYPE
Content type term still image
Source rdacontent
337 ## - MEDIA TYPE
Media type term unmediated
Source rdamedia
338 ## - CARRIER TYPE
Carrier type term volume
Source rdacarrier
490 0# - SERIES STATEMENT
Series statement Oxford IB diploma programme
500 ## - GENERAL NOTE
General note Includes Internet access.
500 ## - GENERAL NOTE
General note "Course Companion"--T.p
650 #7 - SUBJECT ADDED ENTRY--TOPICAL TERM
Topical term or geographic name entry element Mathematics.
Source of heading or term fast
Authority record control number or standard number (OCoLC)fst01012163
9 (RLIN) 23747
653 ## - INDEX TERM--UNCONTROLLED
keyword მათემატიკა
653 ## - INDEX TERM--UNCONTROLLED
keyword Baccalauréat international International baccalaureate Mathematics Mathématiques applied mathematics mathematics
700 ## - ADDED ENTRY--PERSONAL NAME
Personal name Awada, Natasha
Relator term and others
9 (RLIN) 23748
906 ## - LOCAL DATA ELEMENT F, LDF (RLIN)
a 7
b cbc
c copycat
d 2
e ncip
f 20
g y-gencatlg
942 ## - ADDED ENTRY ELEMENTS (KOHA)
Source of classification or shelving scheme
Koha item type წიგნი
ეგზემპლარები
Withdrawn status Lost status Source of classification or shelving scheme Damaged status Not for loan Permanent Location Current Location Shelving location Date acquired Cost, normal purchase price Full call number Barcode Date last seen Copy number Price effective from Koha item type Public note
          ბათუმის შოთა რუსთაველის სახელმწიფო უნივერსიტეტის მთავარი ბიბლიოთეკა ბათუმის შოთა რუსთაველის სახელმწიფო უნივერსიტეტის მთავარი ბიბლიოთეკა წიგნსაცავი 2024-11-19 315.00 51-7M-39 66158 2024-11-19 66158 2024-11-19 წიგნი 315.00
          ბათუმის შოთა რუსთაველის სახელმწიფო უნივერსიტეტის მთავარი ბიბლიოთეკა ბათუმის შოთა რუსთაველის სახელმწიფო უნივერსიტეტის მთავარი ბიბლიოთეკა წიგნსაცავი 2024-11-19 315.00 51-7M-39 66159 2024-11-19 66159 2024-11-19 წიგნი 315.00
          ბათუმის შოთა რუსთაველის სახელმწიფო უნივერსიტეტის მთავარი ბიბლიოთეკა ბათუმის შოთა რუსთაველის სახელმწიფო უნივერსიტეტის მთავარი ბიბლიოთეკა წიგნსაცავი 2024-11-19 315.00 51-7M-39 66160 2024-11-19 66160 2024-11-19 წიგნი 315.00